000
00327 a2200157 4500
001
71012
020
_a
9788538039365
040
_c
Anchieta - Itaigara
100
_a
Reasoner, Charles
240
1
0
_a
No Oceano
_l
por
245
1
0
_a
No Oceano
300
_a
10p.
362
0
_a
2012
650
4
_a
Literatura infantil
942
_c
BK
999
_c
71012
_d
71012